Nedovolené obmedzovanie hospodárskej súťaže formou koncentrácie diplomová práca

Enregistré dans:
Détails bibliographiques
Auteur principal: Molnárová, Erika
Collectivité auteur: Fakulta podnikového manažmentu EU. Katedra podnikovohospodárska
Autres auteurs: Hlaváčiková, Jana
Format: Livre
Langue:slovaque
Publié: Bratislava 2014
Tags: Ajouter un tag
Pas de tags, Soyez le premier à ajouter un tag!

MARC

LEADER 00000nbm a2200000 4500
001 0187924
005 20170201091857.0
041 0 |a slo 
044 |a SK 
245 1 0 |a Nedovolené obmedzovanie hospodárskej súťaže formou koncentrácie  |b diplomová práca  |c Erika Molnárová ; školiteľ: Jana Hlaváčiková 
264 1 |a Bratislava  |c 2014 
300 |a 80 s. 
100 1 |a Molnárová, Erika 
700 1 |a Hlaváčiková, Jana 
710 2 |a Fakulta podnikového manažmentu EU. Katedra podnikovohospodárska